000
00250nam a2200121Ia 4500
008
190216s9999||||xx |||||||||||||| ||und||
100
_a
Lilian E Hawker
245
0
_a
Fungi
260
_b
Hutchinson
300
_a
215p
650
_a
Botany
942
_c
BK
999
_c
1166
_d
1166